000
00337 a2200157 4500
001
160971
020
_a
040
_c
Magnum
100
_a
Pereira, Antonio Olavo
240
1
0
_a
Uma certa borboleta azul
_l
por
245
1
0
_a
Uma certa borboleta azul
362
0
_a
1899
440
1
_a
Salamandra
697
_a
IJ/ANIMAIS
942
_c
BK
999
_c
160971
_d
160971